| 000 | 00679nam a2200181 a 4500 | ||
|---|---|---|---|
| 001 | 1356 | ||
| 003 | CO-ViMGA | ||
| 008 | 141112s2004 ck r 000 u spa d | ||
| 040 |
_aCO-ViMGA _bspa _cCO-ViMGA |
||
| 082 | 0 | 4 | _a320.1 K357p |
| 100 | 1 |
_aKelse, Hans _949571 |
|
| 245 | 1 | 0 | _aProblemas capitales de la teoría jurídica del estado |
| 260 |
_aMexico : _bPorrua, _c1987 |
||
| 300 | _a621 p | ||
| 505 | _aInvestigaciónes preliminares Ley natural y norma; ley moral y norma jurídica 29 - - La forma objetiva de manifestarse la norma juridica 139 - - Las formas subjetivas de manifestarse la norma juridica 271 | ||
| 650 | 1 | 4 |
_aESTADO - JURISPRUDENCIA _949572 |
| 942 |
_2ddc _cBK |
||
| 999 |
_c13559 _d13559 |
||